Inovačný proces ako dôležitý faktor odbytu potravinárskych výrobkov záverečná práca postgraduálneho štúdia
Gespeichert in:
| 1. Verfasser: | |
|---|---|
| Körperschaft: | |
| Weitere Verfasser: | |
| Format: | Buch |
| Sprache: | Slowakisch |
| Veröffentlicht: |
Bratislava
1988
|
| Tags: |
Keine Tags, Fügen Sie das erste Tag hinzu!
|
MARC
| LEADER | 00000nam a2200000 4500 | ||
|---|---|---|---|
| 001 | c035546 | ||
| 005 | 20230116095050.0 | ||
| 041 | 0 | |a slo | |
| 044 | |a SK | ||
| 245 | 1 | 0 | |a Inovačný proces ako dôležitý faktor odbytu potravinárskych výrobkov |b záverečná práca postgraduálneho štúdia |c Mária Medvecová ; Ved. práce Jana Sršňová |
| 264 | 1 | |a Bratislava |c 1988 | |
| 300 | |a 52 s. | ||
| 100 | 1 | |a Medvecová, Mária | |
| 700 | 1 | |a Sršňová, Jana | |
| 710 | 2 | |a Vysoká škola ekonomická v Bratislave | |